000 00737nam a2200253 a 4500
001 BRCA_4370
005 20190320204639.0
008 280709s1924----fr-a---###---#000-0#fre-#
041 _afre
044 _afr
050 4 _aF1215
_b.D37 2
_c1924
100 1 _aD´Arpi, Mario
_99172
245 1 0 _aLe Mexique
_cMario D´Arpi ; version francaise de Paul Dermée.
260 _aParís
_bErnest Leroux
_c1924
300 _a181 p.
_bil., un mapa plegable a color
_c27 cm.
500 _aEjemplar igual a B200
500 _aB201
504 _aBibliografía: p. [182]
650 1 4 _aViajeros franceses
_97982
651 4 _aMéxico
_xDescripción y viajes
_9103
700 1 _aDermée, Paul
_eTraductor
_911135
902 _aGFM
942 _2lcc
_cB
999 _c4081
_d4081